000 00679nam a2200205 i 4500
001 114150
003 ES-MaACL
005 20231228180937.0
007 t|
008 061121s1934 sp r ||||1| spa d
100 1 _aPalacio, Eduardo L. del,
_d1872-1969
_988364
245 1 0 _aMétodo de lengua francesa
_b: primer curso /
_cEduardo L. del Palacio y Andrés Román Monreal Jaén.
250 _a1ª ed.
260 _aMadrid :
_b[s.n.],
_c1934 (
_fImp. Torrent)
300 _a302 p. ;
_c20 cm.
650 0 4 _aLengua francesa-
_vMétodos.
_914225
700 1 _aMonreal Jaén, Andrés Román.
_982272
852 _aES-MaACL
_jC-44814
_bR.80773
999 _c114150
_d114150